00311nam a2200121Ia 4500008004100000020001800041041000800059082003200067100002700099245001600126260003900142300000800181230411s9999 xx 000 0 und d a0-7279-0766-2 aeng aOP/610.73677/KHA/ELK/B02016 aKhaw P T & Elkington A aABC of Eyes bBMJ Publishing GroupaLondonc1994 a59p